| 000 | 00565nam a2200169 i 4500 | ||
|---|---|---|---|
| 001 | 104607 | ||
| 003 | ES-MaACL | ||
| 005 | 20250811062533.0 | ||
| 007 | t| | ||
| 008 | 051202s1980 sp ||||1| spa d | ||
| 110 | 1 |
_aEspaña. _bMinisterio de Cultura _93850 |
|
| 245 | 1 | 4 |
_aLos hábitos culturales de la población infantil / _cMinisterio de Cultura. |
| 260 |
_aMadrid : _bSecretaría General Técnica. Gabinete de Estadística e Informática, _c1980. |
||
| 300 |
_a108 p. : _bil. ; _c26 cm. |
||
| 852 |
_aES-MaACL _jC-42685 _bR.100649 |
||
| 999 |
_c104607 _d104607 |
||